Most Popular Disney+ Movies As of 2021 - Statistics

General Stats
  • This quiz has been taken 44 times
  • The average score is 3 of 9
Answer Stats
Rank Movie % Correct
4 Frozen
62%
2 Moana
50%
3 Frozen 2
45%
1 Soul
33%
5 Avengers : Endgame
29%
7 Mulan
19%
6 Toy Story 4
19%
8 Zootopia
10%
9 Onward
7%
No matching quizzes found
Score Distribution
Percent of People with Each Score
Percentile by Number Answered
Your Score History
You have not taken this quiz